000 00526nam a2200181Ia 4500
001 23411
003 GE_BSU
008 181216s||||||||xx |||||||||||||| ||und||
040 _cGE_BSU
245 _aEastern European Journal of Transnational Relations. Vol. 1. No. 1
245 _cEditor in chief: Maciej Perkowski. Editor Izabela Krasnicka
260 _aBialystok
260 _c2017
300 _a74 p. 24 cm.
653 _aEastern European Journal of Transnational Relations. Vol. 1. No. 1
653 _aLaw.
942 _cCR
999 _c56298
_d56298